Science Quiz

Random Science Quiz
Score 0/11 Timer 02:00
0 Plays Today
Hint Answer % Correct
This system, including the brain, spinal cord, and nerves, responds to stimuli in the environment and sends electrical messages. Nervous System
95%
Including bones, joints, and ligaments, this system provides a framework and support for the body.Skeletal System
83.3%
This system enables movement in the body and includes the biceps and triceps.Muscular System
75%
This system, associated with hormones, helps maintain homeostasis and growth in the body. It includes the pituitary gland and the hypothalamus.Endocrine System
71.7%
Breaking down polymers into monomers, this system includes the esophagus and stomach.Digestive System
71.7%
Including the prostate, ovaries, and uterus, this system functions in the creation of new human beings.Reproductive System
70.8%
This system, made up of the skin, nails, hair, and sweat glands, functions to protect internal structures and to prevent dehydration.Integumentary System
70%
Involved with the exchange of gases, this system includes the trachea and bronchi.Respiratory System
60%
This system transports nutrients to cells and tissues in the body; it includes the heart, blood vessels, and blood.Cardiovascular System
52.5%
This system maintains water balance in the body; it contains the kidneys and ureters.Urinary System
51.7%
This system is associated with immunity; it includes the spleen and tonsils.Lymphatic System
47.5%

You're not logged in!

Compare scores with friends on all Sporcle quizzes.
OR
Log In

Sporcle TV

Today on Sporcle TV


Watch our educational content, quiz creation guides, and fun videos on Sporcle TV.

Show Comments

Extras

Created Oct 9, 2013ReportNominate
Tags:organ, system

Top Quizzes Today


Score Distribution

Paid Content

Your Account Isn't Verified!

In order to create a playlist on Sporcle, you need to verify the email address you used during registration. Go to your Sporcle Settings to finish the process.

Report this User

Report this user for behavior that violates our Community Guidelines.

Details: